| 000 | 00492nam a22001457a 4500 | ||
|---|---|---|---|
| 027 | _qHard Cover. | ||
| 040 | _cSINES-NUST. | ||
| 082 |
_a004 _bAYU |
||
| 100 |
_aHusnain Ayub. _998447 |
||
| 245 |
_aConvolutional Variational Auto Encoder Based Deep Neural Network for Calculation of airfoil Aerodynamic Parameters / _cAyub, Husnain |
||
| 260 |
_aIslamabad: _bSINES-NUST, _c2022. |
||
| 300 |
_a49 p. : _bill. ; _c30cm. |
||
| 650 | _xMS-Computational Science and Engineering. | ||
| 942 |
_2ddc _cTHE |
||
| 999 |
_c591301 _d591301 |
||